The little mermaid (Registro nro. 183163)
[ vista simple ]
| 000 -ENCABEZADO | |
|---|---|
| Número de control [NR] | 01023 a2200265 4500 |
| 005 - FECHA Y HORA DE LA ÚLTIMA TRANSACCIÓN | |
| control field | 20180312141949.0 |
| 008 - DE LONGITUD FIJA DE DATOS DE ELEMENTOS - INFORMACIÓN GENERAL | |
| Elementos de longitud fija [NR] | 131028s1999 it a br|||| 00| 0 eng d |
| 020 ## - NUMERO INTERNACIONAL NORMALIZADO PARA LIBROS [R] | |
| Número Internacional Normalizado del libro [NR] | 8881483602 |
| 040 ## - FUENTE DE CATALOGACION [NR] | |
| Agencia de catalogación original [NR] | CO-BoUCM |
| Idioma de catalogación [NR] | spa |
| Quien Cataloga | Sandra Palacio (modificó) |
| Quien Clasifica | Jose A. Gerena (modificó) |
| 041 00 - CODIGO DE IDIOMA [R] | |
| Código de idioma para texto/pista de sonido o título separado [R] | Inglés |
| 110 2# - ASIENTO PRINCIPAL--NOMBRE CORPORATIVO [NR] | |
| Nombre corporativo o de jurisdicción como elemento de entrada [NR] | European language institute |
| ID de autoridad | 49230 |
| 245 14 - MENCION DE TITULO [NR] | |
| Título [NR] | The little mermaid |
| Mención de responsabilidad, etc. [NR] | European language institute ; ilustraciones de Elena Staiano |
| 260 ## - PUBLICACION, DISTRIBUCION, ETC. (PIE DE IMPRENTA) [R] | |
| Fecha de publicación, distribución, etc. [R] | 1999 |
| Nombre del editor, distribuidor, etc. [R] | European Language Institute |
| Lugar de publicación, distribución, etc. [R] | Recanati (Macerata, Italia) |
| 300 ## - DESCRIPCION FISICA [R] | |
| Extensión [R] | 24 páginas |
| Otros detalles físicos [NR] | ilustraciones a color |
| 490 ## - MENCION DE SERIE [R] | |
| Mención de serie [R] | Ready to read |
| 650 #7 - ASIENTO SECUNDARIO DE MATERIA - TERMINO TEMATICO [R] | |
| 9 (RLIN) | 17657 |
| Término temático o nombre geográfico como elemento de entrada [NR] | Inglés básico |
| Subdivisión general [R] | Enseñanza |
| 650 #7 - ASIENTO SECUNDARIO DE MATERIA - TERMINO TEMATICO [R] | |
| 9 (RLIN) | 18516 |
| Término temático o nombre geográfico como elemento de entrada [NR] | Libros ilustrados para niños |
| 650 #7 - ASIENTO SECUNDARIO DE MATERIA - TERMINO TEMATICO [R] | |
| 9 (RLIN) | 18524 |
| Término temático o nombre geográfico como elemento de entrada [NR] | Libros y lectura para niños |
| 650 #7 - ASIENTO SECUNDARIO DE MATERIA - TERMINO TEMATICO [R] | |
| 9 (RLIN) | 37305 |
| Término temático o nombre geográfico como elemento de entrada [NR] | Cuentos ilustrados para niños |
| 690 ## - ASUNTO AGREGADO LOCAL DE ENTRADA - TÉRMINO TEMÁTICO (OCLC, RLIN) | |
| Acceso temático local | Lingüística aplicada |
| 9 (RLIN) | 439 |
| 690 ## - ASUNTO AGREGADO LOCAL DE ENTRADA - TÉRMINO TEMÁTICO (OCLC, RLIN) | |
| Acceso temático local | Literatura |
| 9 (RLIN) | 18599 |
| 700 1# - ASIENTO SECUNDARIO - NOMBRE PERSONAL [R] | |
| Nombre personal [NR] | Staiano, Elena |
| Término de relación [R] | ilustrador |
| 9 (RLIN) | 49233 |
| 942 ## - ELEMENTOS DE ENTRADA AGREGADOS (KOHA) | |
| Tema principal | Literatura |
| Tipo de ítem principal el descrito en 300a | Libro |
| Edición | 1 |
| Parte restante de la signatura top. | L778 |
| Sistema de clasificación | DEWEY |
| Clasificación | 818.083 |
| Título oculto en OPAC | No |
| Fecha de último préstamo | Total préstamos | Signatura topográfica | Código de barras | Última vez visto | Ejemplar | Costo de reposición | Price effective from | Tipo de ítem | Nota pública (OPAC) | Perdido | Sistema de clasificación | Dañado | No prestable | Tipo de ítem específico | Suprimido | Ubicación habitual | Ubicación actual | Localización | Fecha de creación | Proveedor | Forma de adquisición | Costo |
|---|---|---|---|---|---|---|---|---|---|---|---|---|---|---|---|---|---|---|---|---|---|---|
| 02/08/2016 | 1 | 818.083 L778 | 200027391 | 11/12/2025 | Ej.1 | 26000.00 | 02/08/2013 | Libro | Spot Literatura Infantil | DEWEY | Libro | Quinta de Mutis | Quinta de Mutis | Mezanecs | 02/08/2013 | 12 | Donación | 0.00 |